Chemical reaction basic theory and computing (Record no. 594993)
[ view plain ]
| 000 -LEADER | |
|---|---|
| fixed length control field | 00262nam a22001097a 4500 |
| 040 ## - CATALOGING SOURCE | |
| Transcribing agency | SCME |
| 100 ## - MAIN ENTRY--PERSONAL NAME | |
| Personal name | Lagana, Parker |
| 9 (RLIN) | 113241 |
| 245 ## - TITLE STATEMENT | |
| Title | Chemical reaction basic theory and computing |
| 260 ## - PUBLICATION, DISTRIBUTION, ETC. | |
| Place of publication, distribution, etc. | U.S.A |
| Name of publisher, distributor, etc. | Springer |
| Date of publication, distribution, etc. | 2018 |
| 300 ## - PHYSICAL DESCRIPTION | |
| Extent | 201p. |
| 942 ## - ADDED ENTRY ELEMENTS (KOHA) | |
| Source of classification or shelving scheme | |
| Koha item type | Book |
| Withdrawn status | Lost status | Source of classification or shelving scheme | Damaged status | Not for loan | Permanent Location | Current Location | Shelving location | Date acquired | Total Checkouts | Full call number | Barcode | Date last seen | Price effective from | Koha item type |
|---|---|---|---|---|---|---|---|---|---|---|---|---|---|---|
| School of Chemical & Materials Engineering (SCME) | School of Chemical & Materials Engineering (SCME) | Book Cart | 06/23/2023 | 541.2 P2351C | SCME-4855 | 06/23/2023 | 06/23/2023 | Book |
